000 00648nam a2200205Ia 4500
005 20241216011252.0
008 190429s9999||||xx |||||||||||||| ||und||
082 _a622.2
_bG26
100 _aGARDI MELGAREJO MARCO ANTONIO
245 0 _aPLANEAMIENTO DE LAS OPERACIONES PARA 1993 EN LA COMPAÑIA DE MINAS BUENAVENTURA S.A. - UNIDAD JULCANI.
250 _a0
260 _aCERRO DE PASCO-PERU
_bUNDAC
_c1993
300 _a84 pag.
_c30 cm.
341 _h0
490 _v0
_a0
505 _aROCAS/MINERALOGIA/LINEAMIENTOS/PARAGENESIS/ESTRUCTURAS/METOD
541 _aD
_bGARDI MELGAREJO, MARCO
_d10-Jul-03
_oSoles
650 _aMinas
942 _cTESIS
999 _c37252
_d37252